000 00267nam a2200109Ia 4500
008 190216s9999||||xx |||||||||||||| ||und||
100 _aVallins
245 0 _aGoods English How To Write It
260 _bEnglish Language Book Society
650 _aEnglish
942 _cBK
999 _c12710
_d12710